लोक यथार्थ ऑर धूमिल (Record no. 202352)

MARC details
000 -LEADER
fixed length control field 00730nam a22001817a 4500
005 - DATE AND TIME OF LATEST TRANSACTION
control field 20240424114946.0
010 ## - LCCN (DPL NO)
LC control number HIN-127488
020 ## - INTERNATIONAL STANDARD BOOK NUMBER
International Standard Book Number 9789388858571
Terms of availability 450.00
035 ## - SYSTEM CONTROL NUMBER
System control number HN-99835
037 ## - SOURCE OF ACQUISITION
Source of stock number/acquisition DBAD/PUB.
082 ## - DEWEY DECIMAL CLASSIFICATION NUMBER
Classification number 821
100 ## - MAIN ENTRY--PERSONAL NAME
Personal name तरफदार श्रीपर्णा
245 ## - TITLE STATEMENT
Title लोक यथार्थ ऑर धूमिल
Statement of responsibility, etc श्रीपर्णा तरफदार
260 ## - PUBLICATION, DISTRIBUTION, ETC. (IMPRINT)
Place of publication, distribution, etc कोलकाता
Name of publisher, distributor, etc आनन्द प्रकाशन
Date of publication, distribution, etc 2020
270 ## - ADDRESS
Address 176/178,रवीन्द्र सरणी
City कोलकाता
300 ## - PHYSICAL DESCRIPTION
Extent 166 पृष्ट
Dimensions 23सेमी (साजिल्द)
942 ## - ADDED ENTRY ELEMENTS (KOHA)
Institution code [OBSOLETE] dpl
Item type Hindi Books
Source of classification or shelving scheme Dewey Decimal Classification
Classification part 821
Call number suffix तरफदार
Edition 1

No items available.


© Delhi Public Library
Hit Counter
free hit counter